Statistics for Most to Least Democratic Countries in Europe

Click here to take the quiz!

General Stats

  • This quiz has been taken 70 times
  • The average score is 36 of 40

Answer Stats

IndexRank#Country% Correct
0.959Working DemocracyDDenmark
100%
0.956Working DemocracyFFinland
100%
0.950Working DemocracyNNorway
98%
0.946Working DemocracySSweden
98%
0.944Working DemocracyNNetherlands
97%
0.925Working DemocracyBBelgium
95%
0.931Working DemocracySSwitzerland
95%
0.934Working DemocracyGGermany
93%
0.912Working DemocracySSpain
93%
0.894Working DemocracyAAustria
92%
0.890Working DemocracyFFrance
92%
0.898Working DemocracyIIreland
92%
0.905Working DemocracyLLuxembourg
92%
0.882Working DemocracyUUnited Kingdom
92%
0.899Working DemocracyEEstonia
90%
0.903Working DemocracyIIceland
90%
0.871Working DemocracyIItaly
90%
0.889Working DemocracyLLithuania
90%
0.137Moderate AutocracyBBelarus
88%
0.834Working DemocracyGGreece
88%
0.700Deficient DemocracyPPoland
88%
0.857Working DemocracyPPortugal
88%
0.262Moderate AutocracyRRussia
88%
0.782Deficient DemocracySSlovenia
88%
0.763Deficient DemocracyCCroatia
87%
0.864Working DemocracyCCzech Republic
87%
0.577Hybrid RegimeHHungary
87%
0.830Working DemocracyLLatvia
87%
0.440Moderate AutocracySSerbia
87%
0.836Working DemocracySSlovakia
87%
0.672Deficient DemocracyBBulgaria
85%
0.623Deficient DemocracyKKosovo
85%
0.731Deficient DemocracyRRomania
85%
0.539Hybrid RegimeUUkraine
85%
0.573Hybrid RegimeAAlbania
83%
0.582Deficient DemocracyNNorth Macedonia
83%
0.645Deficient DemocracyMMoldova
82%
0.554Hybrid RegimeMMontenegro
82%
0.774Deficient DemocracyMMalta
78%
0.531Hybrid RegimeBBosnia and Herzegovina
77%

Score Distribution

Percentile by Number Answered

Percent of People with Each Score

Your Score History

You have not taken this quiz